000
00338 a2200157 4500
001
57689
020
_a
9788508120017
040
_c
Anchieta - Pituba
100
_a
Dante, Luiz Roberto
240
1
0
_a
Tudo é matemática
_l
por
245
1
0
_a
Tudo é matemática
300
_a
356
362
0
_a
2010
650
4
_a
Matemática
942
_c
BK
999
_c
57689
_d
57689